[Event "World Chess Olympiad 2018"]
[Site "Batumi"]
[Date "2018.09.25"]
[Round "2"]
[Board "2"]
[WhiteFideId "11700777"]
[White "Amini Habibullah"]
[BlackFideId "5704154"]
[Black "Zulkipli Zaidan"]
[Result "1/2-1/2"]
[LiveChessVersion "1.4.8"]
[BlackElo "2203"]
[WhiteElo "1988"]

1. d4 {[%clk 1:30:50]} Nf6 {[%clk 1:30:46]} 2. Bf4 {[%clk 1:31:05]} e6
{[%clk 1:28:47]} 3. e3 {[%clk 1:31:06]} c5 {[%clk 1:28:13]} 4. c3
{[%clk 1:31:18]} Nc6 {[%clk 1:27:52]} 5. Bd3 {[%clk 1:30:56]} d5 {[%clk 1:23:41]}
6. Nf3 {[%clk 1:31:05]} cxd4 {[%clk 1:22:16]} 7. exd4 {[%clk 1:31:17]} Bd6
{[%clk 1:22:38]} 8. Bxd6 {[%clk 1:31:00]} Qxd6 {[%clk 1:23:05]} 9. Qe2
{[%clk 1:31:09]} Nh5 {[%clk 1:12:15]} 10. g3 {[%clk 1:30:07]} g6 {[%clk 1:12:29]}
11. Nbd2 {[%clk 1:28:54]} Bd7 {[%clk 1:12:35]} 12. Ne5 {[%clk 1:28:57]} Nxe5
{[%clk 1:10:38]} 13. dxe5 {[%clk 1:29:26]} Qb6 {[%clk 1:11:07]} 14. Nb3
{[%clk 1:29:30]} a6 {[%clk 1:10:04]} 15. Nd4 {[%clk 1:29:52]} Rc8
{[%clk 1:07:58]} 16. O-O {[%clk 1:27:53]} O-O {[%clk 1:04:55]} 17. a4
{[%clk 1:28:00]} f5 {[%clk 1:00:16]} 18. exf6 {[%clk 1:28:05]} Rxf6
{[%clk 1:00:43]} 19. a5 {[%clk 1:28:09]} Qc7 {[%clk 0:55:26]} 20. f4
{[%clk 1:28:29]} Rcf8 {[%clk 0:51:32]} 21. Qe5 {[%clk 1:28:23]} Qxe5
{[%clk 0:42:47]} 22. fxe5 {[%clk 1:28:52]} Rxf1+ {[%clk 0:43:15]} 23. Bxf1
{[%clk 1:29:21]} Rc8 {[%clk 0:42:01]} 24. Bh3 {[%clk 1:28:40]} Kf7
{[%clk 0:42:14]} 25. Kf2 {[%clk 1:28:34]} Ke7 {[%clk 0:42:23]} 26. Ke3
{[%clk 1:28:58]} Ng7 {[%clk 0:42:28]} 27. Bf1 {[%clk 1:27:36]} Ne8
{[%clk 0:32:45]} 28. Ra3 {[%clk 1:26:20]} Rc7 {[%clk 0:21:23]} 29. Rb3
{[%clk 1:25:54]} Bc8 {[%clk 0:21:40]} 30. Rb6 {[%clk 1:26:08]} Ng7
{[%clk 0:20:01]} 31. Bd3 {[%clk 1:26:25]} Kd8 {[%clk 0:15:39]} 32. g4
{[%clk 1:24:49]} Rf7 {[%clk 0:14:02]} 33. Nf3 {[%clk 1:24:40]} Ne8
{[%clk 0:14:12]} 34. Ng5 {[%clk 1:24:15]} Re7 {[%clk 0:14:21]} 35. h4
{[%clk 1:23:47]} Nc7 {[%clk 0:13:12]} 36. Nf3 {[%clk 1:18:09]} Rf7
{[%clk 0:12:06]} 37. Nd4 {[%clk 1:17:21]} Ke7 {[%clk 0:10:45]} 38. Rb3
{[%clk 1:12:16]} Rg7 {[%clk 0:10:16]} 39. Ra3 {[%clk 1:11:54]} Bd7
{[%clk 0:09:22]} 40. Ra1 {[%clk 1:42:02]} Be8 {[%clk 0:38:29]} 41. b4
{[%clk 1:39:35]} h6 {[%clk 0:27:21]} 42. Rb1 {[%clk 1:38:08]} g5 {[%clk 0:25:53]}
43. Rh1 {[%clk 1:36:58]} gxh4 {[%clk 0:09:59]} 44. Rxh4 {[%clk 1:37:26]} Bg6
{[%clk 0:10:27]} 45. Be2 {[%clk 1:34:55]} Rh7 {[%clk 0:10:56]} 46. Nb3
{[%clk 1:34:12]} Kd7 {[%clk 0:08:08]} 47. Nc5+ {[%clk 1:34:40]} Kc6
{[%clk 0:06:53]} 48. Rh2 {[%clk 1:31:58]} b5 {[%clk 0:05:23]} 49. Bf3
{[%clk 1:30:06]} Bb1 {[%clk 0:04:08]} 50. Rh1 {[%clk 1:28:51]} Bg6
{[%clk 0:04:30]} 51. Bg2 {[%clk 1:28:31]} h5 {[%clk 0:03:12]} 52. gxh5
{[%clk 1:28:59]} Bxh5 {[%clk 0:02:46]} 53. Bf3 {[%clk 1:29:24]} Bg6
{[%clk 0:02:13]} 54. Rxh7 {[%clk 1:29:53]} Bxh7 {[%clk 0:02:33]} 55. Kf4
{[%clk 1:30:17]} Bf5 {[%clk 0:02:19]} 56. Kg5 {[%clk 1:30:42]} Be4
{[%clk 0:00:33]} 57. Bh5 {[%clk 1:30:41]} Bh1 {[%clk 0:00:46]} 58. Kf6
{[%clk 1:24:21]} d4 {[%clk 0:01:09]} 59. cxd4 {[%clk 1:24:38]} Kd5
{[%clk 0:01:30]} 60. Nxe6 {[%clk 1:23:39]} Nxe6 {[%clk 0:01:26]} 61. Bf7
{[%clk 1:24:08]} Kxd4 {[%clk 0:01:54]} 62. Bxe6 {[%clk 1:24:36]} Kc3
{[%clk 0:01:49]} 63. Bd7 {[%clk 1:24:38]} Bd5 {[%clk 0:02:13]} 64. Bxb5
{[%clk 1:23:20]} Kxb4 {[%clk 0:00:38]} 65. Bxa6 {[%clk 1:23:48]} Kxa5
{[%clk 0:01:07]} 66. Bc8 {[%clk 1:23:45]} Kb6 {[%clk 0:01:30]} 67. Be6
{[%clk 1:24:06]} Bf3 {[%clk 0:00:52]} 68. Kf7 {[%clk 1:21:34]} Kc7
{[%clk 0:01:06]} 69. Ke7 {[%clk 1:22:02]} Be4 {[%clk 0:01:09]} 70. Kf6
{[%clk 1:22:06]} Bf3 {[%clk 0:00:48]} 71. Kf7 {[%clk 1:22:15]} Be4
{[%clk 0:01:13]} 72. Ke7 {[%clk 1:22:30]} Bf3 {[%clk 0:01:31]} 73. Kf6
{[%clk 1:22:52]} Be4 {[%clk 0:01:59]} 74. Bc4 {[%clk 1:23:19]} Bc6
{[%clk 0:00:46]} 75. e6 {[%clk 1:23:48]} Be8 {[%clk 0:00:33]} 76. e7
{[%clk 1:23:23]} Kd6 {[%clk 0:01:00]} 77. Bf7 {[%clk 1:23:35]} Bd7
{[%clk 0:00:34]} 78. Bg6 {[%clk 1:24:02]} Bc6 {[%clk 0:00:31]} 79. Kf7
{[%clk 1:24:26]} Bb5 {[%clk 0:00:44]} 80. Kf8 {[%clk 1:24:54]} Bc6
{[%clk 0:00:46]} 81. Be8 {[%clk 1:24:49]} Be4 {[%clk 0:00:42]} 82. Bb5
{[%clk 1:24:56]} Bg6 {[%clk 0:01:03]} 83. Be2 {[%clk 1:25:17]} Ke6
{[%clk 0:00:34]} 84. Bc4+ {[%clk 1:25:07]} Kf6 {[%clk 0:00:53]} 85. Bb5
{[%clk 1:21:35]} Bh5 {[%clk 0:00:35]} 86. Bd7 {[%clk 1:22:01]} Bg6
{[%clk 0:00:39]} 87. Bg4 {[%clk 1:21:21]} Bf7 {[%clk 0:00:44]} 88. Bf3
{[%clk 1:21:35]} Bg6 {[%clk 0:00:51]} 89. Bc6 {[%clk 1:21:01]} Bf7
{[%clk 0:00:40]} 1/2-1/2

[Event "World Chess Olympiad 2018"]
[Site "Batumi"]
[Date "2018.09.25"]
[Round "2"]
[Board "3"]
[WhiteFideId "5702640"]
[White "Fong Yit San"]
[BlackFideId "11701137"]
[Black "Sulaiman Ahmad Ashrafi"]
[Result "1-0"]
[LiveChessVersion "1.4.8"]
[BlackElo "1908"]
[WhiteElo "2108"]

1. e4 {[%clk 1:30:51]} e6 {[%clk 1:30:54]} 2. d4 {[%clk 1:31:01]} d5
{[%clk 1:31:16]} 3. Nc3 {[%clk 1:31:00]} Bb4 {[%clk 1:31:10]} 4. e5
{[%clk 1:31:24]} c5 {[%clk 1:30:01]} 5. a3 {[%clk 1:30:23]} Ba5 {[%clk 1:27:43]}
6. b4 {[%clk 1:27:43]} cxd4 {[%clk 1:27:29]} 7. Nb5 {[%clk 1:27:47]} Bc7
{[%clk 1:27:46]} 8. f4 {[%clk 1:27:00]} Ne7 {[%clk 1:22:02]} 9. Bd3
{[%clk 1:26:00]} Nbc6 {[%clk 1:21:48]} 10. Nxc7+ {[%clk 1:25:05]} Qxc7
{[%clk 1:22:07]} 11. Nf3 {[%clk 1:25:27]} h6 {[%clk 1:20:27]} 12. O-O
{[%clk 1:25:32]} Bd7 {[%clk 1:20:35]} 13. Bd2 {[%clk 1:23:20]} a6
{[%clk 1:17:20]} 14. Qe2 {[%clk 1:19:49]} O-O {[%clk 1:17:11]} 15. a4
{[%clk 1:10:19]} Na7 {[%clk 0:56:52]} 16. Nxd4 {[%clk 1:07:12]} b5
{[%clk 0:54:17]} 17. a5 {[%clk 1:05:18]} Rae8 {[%clk 0:43:16]} 18. Nb3
{[%clk 0:57:51]} Nac6 {[%clk 0:40:26]} 19. Nc5 {[%clk 0:57:00]} Bc8
{[%clk 0:40:19]} 20. Qh5 {[%clk 0:55:23]} Kh8 {[%clk 0:32:20]} 21. Rf3
{[%clk 0:44:04]} Nd4 {[%clk 0:22:21]} 22. Rh3 {[%clk 0:40:50]} Ng8
{[%clk 0:22:40]} 23. Bc3 {[%clk 0:37:45]} Nf5 {[%clk 0:10:21]} 24. Qf3
{[%clk 0:33:35]} Rd8 {[%clk 0:04:24]} 25. Re1 {[%clk 0:31:01]} Rfe8
{[%clk 0:02:05]} 26. Qf2 {[%clk 0:29:39]} g6 {[%clk 0:01:44]} 27. g4
{[%clk 0:29:33]} Ng7 {[%clk 0:01:42]} 28. Bd4 {[%clk 0:29:32]} Qe7
{[%clk 0:01:22]} 29. c3 {[%clk 0:28:26]} Kh7 {[%clk 0:00:51]} 30. Nb3
{[%clk 0:27:27]} f5 {[%clk 0:00:50]} 31. exf6 {[%clk 0:26:07]} Nxf6
{[%clk 0:01:19]} 32. Rxh6+ {[%clk 0:26:04]} Kxh6 {[%clk 0:01:22]} 33. g5+
{[%clk 0:26:29]} Kh7 {[%clk 0:02:17]} 34. gxf6 {[%clk 0:27:25]} 1-0

[Event "World Chess Olympiad 2018"]
[Site "Batumi"]
[Date "2018.09.25"]
[Round "2"]
[Board "4"]
[WhiteFideId "11700947"]
[White "Kanz Ahmad Safy"]
[BlackFideId "5716934"]
[Black "Mahmood Shah Mukhriez Shah"]
[Result "1-0"]
[LiveChessVersion "1.4.8"]
[BlackElo "1826"]
[WhiteElo "1826"]

1. e4 {[%clk 1:30:25]} c5 {[%clk 1:28:41]} 2. Nf3 {[%clk 1:26:32]} Nc6
{[%clk 1:27:53]} 3. Nc3 {[%clk 1:24:23]} g6 {[%clk 1:27:20]} 4. d4
{[%clk 1:23:28]} cxd4 {[%clk 1:25:15]} 5. Nxd4 {[%clk 1:23:35]} Bg7
{[%clk 1:24:33]} 6. Be3 {[%clk 1:22:02]} Nf6 {[%clk 1:21:57]} 7. Bc4
{[%clk 1:18:21]} O-O {[%clk 1:20:33]} 8. Bb3 {[%clk 1:16:28]} d6 {[%clk 1:19:16]}
9. f3 {[%clk 1:10:32]} Bd7 {[%clk 1:17:39]} 10. Qd2 {[%clk 1:09:25]} Qa5
{[%clk 1:11:57]} 11. O-O-O {[%clk 1:06:47]} Rfc8 {[%clk 1:10:59]} 12. Kb1
{[%clk 1:03:40]} Ne5 {[%clk 1:09:58]} 13. g4 {[%clk 0:56:22]} Nc4
{[%clk 1:07:20]} 14. Bxc4 {[%clk 0:55:12]} Rxc4 {[%clk 1:05:45]} 15. Nb3
{[%clk 0:54:51]} Qa6 {[%clk 1:02:27]} 16. g5 {[%clk 0:46:40]} Nh5
{[%clk 0:59:59]} 17. Nd5 {[%clk 0:43:45]} Kf8 {[%clk 0:58:04]} 18. c3
{[%clk 0:32:26]} b5 {[%clk 0:49:34]} 19. Nb4 {[%clk 0:27:11]} Qa4
{[%clk 0:47:45]} 20. Nc5 {[%clk 0:18:46]} Rxc5 {[%clk 0:35:19]} 21. Bxc5
{[%clk 0:17:19]} Be6 {[%clk 0:35:37]} 22. Bd4 {[%clk 0:15:47]} a5
{[%clk 0:35:46]} 23. Nd5 {[%clk 0:15:36]} Qc4 {[%clk 0:35:06]} 24. Bxg7+
{[%clk 0:15:02]} Nxg7 {[%clk 0:35:03]} 25. Qd4 {[%clk 0:14:05]} Qxd4
{[%clk 0:33:58]} 26. Rxd4 {[%clk 0:13:48]} Rc8 {[%clk 0:33:37]} 27. Rhd1
{[%clk 0:13:08]} Rc6 {[%clk 0:32:44]} 28. a4 {[%clk 0:12:11]} bxa4
{[%clk 0:30:54]} 29. Rxa4 {[%clk 0:11:48]} Rc5 {[%clk 0:31:18]} 30. b4
{[%clk 0:05:44]} axb4 {[%clk 0:30:54]} 31. Ra8+ {[%clk 0:05:40]} Ne8
{[%clk 0:30:48]} 32. cxb4 {[%clk 0:05:58]} Rc4 {[%clk 0:30:31]} 33. Rb8
{[%clk 0:03:24]} Bd7 {[%clk 0:29:57]} 34. Rc1 {[%clk 0:03:32]} Rd4
{[%clk 0:26:58]} 35. Rc7 {[%clk 0:02:36]} Ba4 {[%clk 0:26:11]} 36. Rxe7
{[%clk 0:02:44]} Rxd5 {[%clk 0:25:12]} 37. Rexe8+ {[%clk 0:02:59]} Bxe8
{[%clk 0:25:37]} 38. exd5 {[%clk 0:03:08]} 1-0

[Event "World Chess Olympiad 2018"]
[Site "Batumi"]
[Date "2018.09.25"]
[Round "2"]
[Board "1"]
[WhiteFideId "11800020"]
[White "Rossini Paul"]
[BlackFideId "13202340"]
[Black "Lee Jun Hyeok"]
[Result "0-1"]
[LiveChessVersion "1.4.8"]
[BlackElo "2263"]
[WhiteElo "1678"]

1. e4 {[%clk 1:30:14]} c5 {[%clk 1:30:50]} 2. Bc4 {[%clk 1:30:27]} Nc6
{[%clk 1:31:14]} 3. a3 {[%clk 1:30:44]} g6 {[%clk 1:31:27]} 4. Nc3
{[%clk 1:30:54]} Bg7 {[%clk 1:31:46]} 5. d3 {[%clk 1:31:09]} e6 {[%clk 1:30:52]}
6. Nge2 {[%clk 1:30:04]} Nge7 {[%clk 1:31:08]} 7. Be3 {[%clk 1:29:51]} d5
{[%clk 1:31:15]} 8. exd5 {[%clk 1:27:32]} exd5 {[%clk 1:31:38]} 9. Nxd5
{[%clk 1:21:53]} Nxd5 {[%clk 1:32:01]} 10. Bxc5 {[%clk 1:21:58]} b6
{[%clk 1:28:08]} 11. Be3 {[%clk 1:18:25]} Bxb2 {[%clk 1:27:51]} 12. Bh6
{[%clk 1:15:56]} Bg4 {[%clk 1:23:59]} 13. O-O {[%clk 1:07:29]} Nc3
{[%clk 1:22:37]} 14. Qd2 {[%clk 1:07:25]} Nxe2+ {[%clk 1:22:45]} 15. Kh1
{[%clk 1:07:37]} Bxa1 {[%clk 1:21:56]} 16. Rxa1 {[%clk 1:06:22]} Qd4
{[%clk 1:21:15]} 17. Re1 {[%clk 1:01:46]} O-O-O {[%clk 1:20:53]} 18. f3
{[%clk 0:46:53]} Rhe8 {[%clk 1:21:10]} 19. fxg4 {[%clk 0:42:41]} Qf2
{[%clk 1:19:36]} 20. Rb1 {[%clk 0:40:04]} Ne5 {[%clk 1:19:13]} 21. Be3
{[%clk 0:38:28]} Nxg4 {[%clk 1:19:29]} 22. Ba6+ {[%clk 0:35:39]} Kb8
{[%clk 1:19:24]} 23. Qb4 {[%clk 0:30:41]} Nxe3 {[%clk 1:18:36]} 0-1

[Event "World Chess Olympiad 2018"]
[Site "Batumi"]
[Date "2018.09.25"]
[Round "2"]
[Board "2"]
[WhiteFideId "410969"]
[White "Walker Martin G"]
[BlackFideId "11800011"]
[Black "Berardi Giancarlo"]
[Result "1-0"]
[LiveChessVersion "1.4.8"]
[BlackElo "1766"]
[WhiteElo "2078"]

1. e4 {[%clk 1:30:53]} c5 {[%clk 1:30:44]} 2. Nf3 {[%clk 1:31:18]} g6
{[%clk 1:30:44]} 3. Bc4 {[%clk 1:28:55]} Bg7 {[%clk 1:28:48]} 4. O-O
{[%clk 1:29:18]} e6 {[%clk 1:25:15]} 5. Nc3 {[%clk 1:28:15]} Ne7 {[%clk 1:24:36]}
6. Re1 {[%clk 1:24:58]} O-O {[%clk 1:23:53]} 7. d3 {[%clk 1:21:48]} Nbc6
{[%clk 1:16:10]} 8. a3 {[%clk 1:15:07]} d5 {[%clk 1:01:51]} 9. Ba2
{[%clk 1:15:32]} dxe4 {[%clk 0:57:42]} 10. Nxe4 {[%clk 1:12:54]} b6
{[%clk 0:57:42]} 11. Rb1 {[%clk 1:11:29]} Qc7 {[%clk 0:51:28]} 12. Bg5
{[%clk 0:50:46]} Nd5 {[%clk 0:44:30]} 13. h4 {[%clk 0:31:59]} h6 {[%clk 0:43:01]}
14. Bd2 {[%clk 0:27:40]} Nce7 {[%clk 0:38:58]} 15. Qc1 {[%clk 0:27:12]} f5
{[%clk 0:32:55]} 16. Nc3 {[%clk 0:26:33]} Kh7 {[%clk 0:32:00]} 17. Nxd5
{[%clk 0:23:37]} Nxd5 {[%clk 0:30:02]} 18. Re2 {[%clk 0:22:37]} Qd6
{[%clk 0:27:45]} 19. Qe1 {[%clk 0:22:43]} Re8 {[%clk 0:27:27]} 20. c4
{[%clk 0:16:56]} Nf4 {[%clk 0:22:52]} 21. Bxf4 {[%clk 0:15:53]} Qxf4
{[%clk 0:22:46]} 22. b4 {[%clk 0:15:18]} Qd6 {[%clk 0:22:07]} 23. bxc5
{[%clk 0:13:45]} bxc5 {[%clk 0:20:45]} 24. Ne5 {[%clk 0:13:34]} Bxe5
{[%clk 0:19:20]} 25. Rxe5 {[%clk 0:13:59]} Qxd3 {[%clk 0:19:03]} 26. Rxc5
{[%clk 0:14:23]} Qxa3 {[%clk 0:19:13]} 27. Qe5 {[%clk 0:13:13]} Re7
{[%clk 0:12:01]} 28. Rc7 {[%clk 0:13:25]} Rxc7 {[%clk 0:11:15]} 29. Qxc7+
{[%clk 0:13:49]} Kg8 {[%clk 0:11:23]} 30. Rd1 {[%clk 0:13:36]} Ba6
{[%clk 0:09:43]} 31. Rd7 {[%clk 0:12:03]} Qf8 {[%clk 0:08:49]} 32. c5
{[%clk 0:10:57]} Qf6 {[%clk 0:07:57]} 33. Qd6 {[%clk 0:08:09]} Bb5
{[%clk 0:03:37]} 34. Bxe6+ {[%clk 0:06:28]} Kh8 {[%clk 0:03:40]} 35. Rf7
{[%clk 0:06:53]} Qc3 {[%clk 0:02:20]} 36. Qc7 {[%clk 0:05:50]} Qa1+
{[%clk 0:01:32]} 37. Kh2 {[%clk 0:06:15]} a5 {[%clk 0:01:43]} 38. Rh7# 1-0

[Event "World Chess Olympiad 2018"]
[Site "Batumi"]
[Date "2018.09.25"]
[Round "2"]
[Board "3"]
[WhiteFideId "11800046"]
[White "Grassi Enrico"]
[BlackFideId "13200518"]
[Black "Kim Saebyeok"]
[Result "0-1"]
[LiveChessVersion "1.4.8"]
[BlackElo "1999"]
[WhiteElo "1965"]

1. e4 {[%clk 1:30:51]} c5 {[%clk 1:30:41]} 2. d4 {[%clk 1:31:03]} cxd4
{[%clk 1:31:02]} 3. c3 {[%clk 1:31:27]} dxc3 {[%clk 1:30:48]} 4. Nxc3
{[%clk 1:31:48]} Nc6 {[%clk 1:31:09]} 5. Bc4 {[%clk 1:31:01]} a6 {[%clk 1:31:12]}
6. Nf3 {[%clk 1:31:11]} d6 {[%clk 1:31:08]} 7. O-O {[%clk 1:31:17]} Nf6
{[%clk 1:31:29]} 8. e5 {[%clk 1:17:02]} dxe5 {[%clk 1:28:18]} 9. Qxd8+
{[%clk 1:11:34]} Nxd8 {[%clk 1:28:39]} 10. Nxe5 {[%clk 1:11:53]} Be6
{[%clk 1:28:57]} 11. Re1 {[%clk 1:06:25]} Bxc4 {[%clk 1:26:09]} 12. Nxc4
{[%clk 1:06:50]} Rc8 {[%clk 1:26:27]} 13. Nd6+ {[%clk 1:06:10]} Kd7
{[%clk 1:26:23]} 14. Nxc8 {[%clk 1:06:25]} Kxc8 {[%clk 1:26:44]} 15. Bf4
{[%clk 1:05:41]} e6 {[%clk 1:26:47]} 16. Rac1 {[%clk 1:02:22]} Nc6
{[%clk 1:26:41]} 17. a3 {[%clk 0:56:28]} Rg8 {[%clk 1:21:08]} 18. Ne4
{[%clk 0:49:02]} Nd5 {[%clk 1:20:36]} 19. Bd6 {[%clk 0:43:20]} g6
{[%clk 1:02:44]} 20. Bxf8 {[%clk 0:41:00]} Rxf8 {[%clk 1:03:06]} 21. Nc5
{[%clk 0:39:26]} a5 {[%clk 1:03:06]} 22. Re2 {[%clk 0:35:31]} Rd8
{[%clk 1:00:14]} 23. Rec2 {[%clk 0:34:46]} Rd6 {[%clk 0:54:50]} 24. Ne4
{[%clk 0:31:20]} Rd7 {[%clk 0:53:46]} 25. g3 {[%clk 0:27:57]} Kb8
{[%clk 0:53:40]} 26. Nc5 {[%clk 0:24:43]} Rd6 {[%clk 0:53:46]} 27. Ne4
{[%clk 0:22:53]} Rd7 {[%clk 0:53:57]} 28. Rd1 {[%clk 0:19:23]} Ne5
{[%clk 0:44:44]} 29. Rdc1 {[%clk 0:15:19]} Nc6 {[%clk 0:40:48]} 30. Nc3
{[%clk 0:14:03]} Nd4 {[%clk 0:35:33]} 31. Nxd5 {[%clk 0:13:12]} Nxc2
{[%clk 0:33:04]} 32. Nf6 {[%clk 0:12:59]} Rd2 {[%clk 0:30:35]} 33. Nxh7
{[%clk 0:12:57]} Nd4 {[%clk 0:30:26]} 34. b4 {[%clk 0:10:57]} 0-1

[Event "World Chess Olympiad 2018"]
[Site "Batumi"]
[Date "2018.09.25"]
[Round "2"]
[Board "4"]
[WhiteFideId "13201727"]
[White "Kang Taehyung"]
[BlackFideId "11800054"]
[Black "Volpinari Danilo"]
[Result "0-1"]
[LiveChessVersion "1.4.8"]
[BlackElo "1985"]
[WhiteElo "1860"]

1. e4 c5 2. Nf3 e6 3. d4 cxd4 4. Nxd4 Nc6 5. Nb5 d6 6. c4 Nf6 7. N1c3 a6 8. Na3
Be7 9. Be2 O-O 10. O-O b6 11. Bf4 Bb7 12. Re1 Rc8 13. Bg3 Ne5 14. f4 Nc6 15. Bf1
Qc7 16. Rc1 Qb8 17. Qd2 Rfe8 18. Nc2 Na5 19. b3 Qa8 20. e5 dxe5 21. fxe5 Red8 22.
Qe2 Nd7 23. Ne4 Bxe4 24. Qxe4 Qxe4 25. Rxe4 Nc6 26. Ne1 Nc5 27. Re2 Bg5 28. Rb1
Nd4 29. Reb2 Ne4 30. Bf2 Nxf2 31. Kxf2 Be7 32. Nd3 Nc6 33. b4 Rd4 34. b5 axb5 35.
cxb5 Na5 36. Be2 Ba3 37. Rd2 Rc3 38. Rdd1 g6 39. g3 Nc4 40. Nf4 Rxd1 41. Bxd1 Nd2
42. Rb3 Nxb3 43. Bxb3 Rc5 44. Nd3 Rxb5 45. Ke3 Bc5+ 46. Ke4 Ra5 47. Nb2 Bg1 48.
Nc4 Ra7 49. h3 Rd7 50. Nd6 Bc5 51. Nb5 Rd2 52. Kf4 Kg7 53. Nc7 Rf2+ 54. Ke4 Kf8
55. Nb5 h5 56. Nc7 Ke7 57. h4 Rg2 58. Kf3 Rd2 59. Nb5 Rd3+ 60. Kf4 Bf2 0-1

[Event "World Chess Olympiad 2018"]
[Site "Batumi"]
[Date "2018.09.25"]
[Round "2"]
[Board "3"]
[WhiteFideId "14402661"]
[White "Marjanovic Dejan"]
[BlackFideId "7200420"]
[Black "Berg Olaf"]
[Result "1-0"]
[LiveChessVersion "1.4.8"]
[BlackElo "2248"]
[WhiteElo "2382"]

1. d4 {[%clk 1:30:53]} Nf6 {[%clk 1:30:32]} 2. Nf3 {[%clk 1:31:18]} d6
{[%clk 1:30:40]} 3. c4 {[%clk 1:27:35]} Nbd7 {[%clk 1:29:22]} 4. Nc3
{[%clk 1:27:20]} e5 {[%clk 1:29:03]} 5. Bg5 {[%clk 1:27:31]} Be7 {[%clk 1:27:29]}
6. e3 {[%clk 1:26:51]} O-O {[%clk 1:23:56]} 7. Qc2 {[%clk 1:26:23]} h6
{[%clk 1:17:47]} 8. h4 {[%clk 1:24:58]} exd4 {[%clk 1:13:45]} 9. Nxd4
{[%clk 1:15:13]} Ne5 {[%clk 1:11:59]} 10. O-O-O {[%clk 1:11:05]} Qd7
{[%clk 1:05:34]} 11. f3 {[%clk 1:05:03]} Nh5 {[%clk 0:56:00]} 12. Nd5
{[%clk 0:41:38]} Bd8 {[%clk 0:48:43]} 13. Bxd8 {[%clk 0:38:18]} Qxd8
{[%clk 0:47:29]} 14. Qf2 {[%clk 0:35:52]} f5 {[%clk 0:44:48]} 15. Nf4
{[%clk 0:32:04]} Nxf4 {[%clk 0:34:52]} 16. exf4 {[%clk 0:32:14]} Ng6
{[%clk 0:30:37]} 17. g3 {[%clk 0:28:41]} c6 {[%clk 0:19:43]} 18. h5
{[%clk 0:23:46]} Ne7 {[%clk 0:19:45]} 19. Qd2 {[%clk 0:22:14]} Rf6
{[%clk 0:15:48]} 20. Rg1 {[%clk 0:21:19]} Qf8 {[%clk 0:15:13]} 21. Bd3
{[%clk 0:18:51]} c5 {[%clk 0:11:34]} 22. Ne2 {[%clk 0:17:50]} b5 {[%clk 0:03:31]}
23. g4 {[%clk 0:17:56]} Bb7 {[%clk 0:02:14]} 24. g5 {[%clk 0:16:08]} Re6
{[%clk 0:02:39]} 25. Rg3 {[%clk 0:14:33]} bxc4 {[%clk 0:02:31]} 26. Bxc4
{[%clk 0:14:52]} d5 {[%clk 0:02:55]} 27. Bb3 {[%clk 0:14:23]} a5 {[%clk 0:00:35]}
28. a3 {[%clk 0:11:43]} a4 {[%clk 0:01:00]} 29. Ba2 {[%clk 0:12:02]} Kh7
{[%clk 0:01:00]} 30. Rdg1 {[%clk 0:12:19]} Ba6 {[%clk 0:00:32]} 31. Nc3
{[%clk 0:12:04]} Rd8 {[%clk 0:00:44]} 32. gxh6 {[%clk 0:08:21]} gxh6
{[%clk 0:01:05]} 33. Nxa4 {[%clk 0:06:53]} Qf6 {[%clk 0:00:34]} 34. Qc3
{[%clk 0:04:32]} d4 {[%clk 0:00:35]} 35. Qa5 {[%clk 0:04:52]} Ra8
{[%clk 0:00:32]} 36. Bxe6 {[%clk 0:03:01]} Qxe6 {[%clk 0:00:41]} 37. Re1
{[%clk 0:03:04]} Be2 {[%clk 0:00:46]} 38. Qd2 {[%clk 0:02:34]} Qc4+
{[%clk 0:00:33]} 39. Kb1 {[%clk 0:01:29]} Bd3+ {[%clk 0:00:58]} 40. Ka1
{[%clk 0:31:52]} Nd5 {[%clk 0:30:32]} 41. Qg2 {[%clk 0:18:51]} Ra7
{[%clk 0:12:33]} 42. Rg1 {[%clk 0:15:37]} Nxf4 {[%clk 0:09:28]} 43. Rg7+
{[%clk 0:15:53]} Kh8 {[%clk 0:09:51]} 44. Rg8+ {[%clk 0:16:13]} Kh7
{[%clk 0:10:15]} 45. Qg7+ {[%clk 0:16:27]} Rxg7 {[%clk 0:10:38]} 46. R1xg7#
{[%clk 0:16:50]} 1-0

[Event "World Chess Olympiad 2018"]
[Site "Batumi"]
[Date "2018.09.25"]
[Round "2"]
[Board "2"]
[WhiteFideId "4118464"]
[White "Scerbin Dmitrij"]
[BlackFideId "11504951"]
[Black "Toom Omar"]
[Result "1-0"]
[LiveChessVersion "1.4.8"]
[BlackElo "1905"]
[WhiteElo "2264"]

1. e4 {[%clk 1:30:56]} e5 {[%clk 1:30:56]} 2. Nf3 {[%clk 1:31:13]} Nc6
{[%clk 1:31:18]} 3. d4 {[%clk 1:31:16]} exd4 {[%clk 1:31:40]} 4. Nxd4
{[%clk 1:31:35]} Bb4+ {[%clk 1:32:00]} 5. c3 {[%clk 1:31:29]} Bc5
{[%clk 1:32:17]} 6. Bc4 {[%clk 1:28:54]} Nge7 {[%clk 1:31:05]} 7. Bxf7+
{[%clk 1:21:38]} Kxf7 {[%clk 1:28:14]} 8. Qh5+ {[%clk 1:22:06]} Ng6
{[%clk 1:28:00]} 9. Qd5+ {[%clk 1:20:15]} Ke8 {[%clk 1:26:50]} 10. Qxc5
{[%clk 1:20:22]} Nce5 {[%clk 1:20:53]} 11. O-O {[%clk 1:20:05]} Nd3
{[%clk 1:17:58]} 12. Qh5 {[%clk 1:19:14]} Nxc1 {[%clk 1:14:44]} 13. Rxc1
{[%clk 1:19:18]} Qf6 {[%clk 1:13:59]} 14. Nd2 {[%clk 1:17:07]} Kd8
{[%clk 1:08:39]} 15. N2f3 {[%clk 1:12:08]} Nf4 {[%clk 1:05:39]} 16. Qg5
{[%clk 1:10:37]} c5 {[%clk 1:04:42]} 17. Qxc5 {[%clk 1:09:30]} Nd3
{[%clk 1:04:59]} 18. Qa5+ b6 {[%clk 1:04:00]} 19. Qd5 {[%clk 1:08:58]} Rb8
{[%clk 1:04:00]} 20. Nc6+ {[%clk 1:02:06]} Qxc6 {[%clk 1:03:01]} 21. Qxd3
{[%clk 1:02:32]} Rf8 {[%clk 1:01:51]} 22. Rd1 {[%clk 1:00:15]} Rf6
{[%clk 0:51:56]} 23. Nd4 {[%clk 0:55:01]} Qc7 {[%clk 0:36:14]} 24. Nb5
{[%clk 0:50:50]} Qc5 {[%clk 0:32:54]} 25. Qg3 {[%clk 0:47:46]} Rb7
{[%clk 0:19:42]} 26. Nd6 {[%clk 0:47:20]} Rb8 {[%clk 0:10:29]} 27. Nf5
{[%clk 0:45:32]} Rb7 {[%clk 0:03:37]} 28. Qxg7 {[%clk 0:44:09]} Rxf5
{[%clk 0:03:50]} 29. exf5 {[%clk 0:44:25]} Qxf5 {[%clk 0:04:13]} 30. Qg8+
{[%clk 0:43:28]} Kc7 {[%clk 0:03:55]} 31. Qg3+ {[%clk 0:43:24]} Kd8
{[%clk 0:03:53]} 32. Rd4 {[%clk 0:43:34]} Qe6 {[%clk 0:02:39]} 33. Rad1
{[%clk 0:41:56]} Qe7 {[%clk 0:01:12]} 34. Rg4 {[%clk 0:41:50]} Qf6
{[%clk 0:00:38]} 35. Rg8+ {[%clk 0:41:37]} Ke7 {[%clk 0:01:02]} 36. Re1+
{[%clk 0:41:46]} Kf7 {[%clk 0:01:04]} 37. Rxc8 {[%clk 0:42:02]} 1-0